LEADER 01006cam0-2200349---450- 001 990008754990403321 005 20100430121836.0 010 $a978-2-09-160645-3 035 $a000875499 035 $aFED01000875499 035 $a(Aleph)000875499FED01 035 $a000875499 100 $a20081113d2008----km-y0itay50------ba 101 0 $afre 102 $aFR 105 $aa-------001yy 200 1 $a<>développement durable$fEmmanuel Arnaud, Arnaud Berger, Christian de Perthuis 210 $aParis$cNathan$d2008 215 $a159 p.$cill.$d21 cm 225 1 $aRepères pratiques$v73 610 0 $aEconomia e ambiente 676 $a333$v19$zita 700 1$aArnaud,$bEmmanuel$0504019 701 1$aBerger,$bArnaud$f<1970?- >$0434057 701 1$aPerthuis,$bChristian de$0504020 801 0$aIT$bUNINA$gREICAT$2UNIMARC 901 $aBK 912 $a990008754990403321 952 $a333 ARN$b7265$fDECLI 959 $aDECLI 996 $aDéveloppement durable$9720000 997 $aUNINA